000 00706cam a2200205 4500
008 000000n2000 000 0 eng u
035 _a(Sirsi) u108181
245 _aOn the mend
260 _c2000
490 _aGuardian
_v6 September 2000, B4(1)
520 _aA new report claims that grants for repairing private homes have been reduced so much that it would take 25 years to deal with existing problems. "Stopping the rot" available from Art Homes, The Rectory, 3 Tower St, Birmingham, B19 3UY, price £10.
590 _aWB
650 _aGRANTS
650 _aREPAIRS
650 _aSOCIAL HOUSING
650 _aGOVERNMENT AID
650 _aHOUSING DEFECTS
690 _aHOUSING
942 _n0
999 _c64616
_d64616